000 02146nam a2200409 i 4500
001 193258
003 SpMaBN
005 20250804062655.0
007 ta
008 200114s2019 sp | |||| 000 f spa
017 _aM 14771-2019
_bOficina Depósito Legal Madrid
020 _a9788417825188
035 _a(OCoLC)1139021583
035 _aa6642182
040 _aSpMaBN
_bspa
_cSpMaBN
_erda
080 _a821.134.2-31"19"
100 1 _aNistal, Gloria
_4aut
_eaut
_9234310
245 1 0 _aSoñé un caballo blanco en la playa de Bat Yam /
_cGloria Nistal ; [epílogo de Sonia Cordón]
250 _aPrimera edición: 2019
264 1 _aMadrid :
_bSial Pigmalión,
_c2019
300 _a504 páginas ;
_c21 cm
336 _aTexto
_2rdacontent
337 _asin mediación
_2rdamedia
338 _avolumen
_2rdacarrier
490 0 _aNarrativa Pigmalión
500 _aÍndice
520 _aMe admira la capacidad de Gloria para abrir su corazón y plasmarlo a la vista de todos, con ese coraje con el que vive la vida y que le ha ayudado a salir de los pozos más profundos y oscuros. Ese coraje que hace que no se deje arrastrar por el miedo, la melancolía o la añoranza por el tiempo pasado, sino que, a base de fuerza de voluntad, salga magullada pero fortalecida de cada bache. Creo que el mayor logro de un libro de viajes es que desees vivir lo que se describe en sus páginas, conocer los rincones y experimentar las experiencias que relatan, y en mi opinión, esta obra lo consigue, con un equilibrio perfecto entre divulgación, aventura e intimismo.
655 0 _aNovelas
_9234319
830 _aNarrativa Pigmalión
_9234388
852 _bR. 154661
_cDEPOJ
_9200688
_jN-9433
_xEncuadernación rústica con solapas
_aES-MaACL
_gDedicatoria autógrafa de la autora
_hDonación: Gloria Nistal
903 _aNistal, Gloria
_ednr
_9234310
942 _n0
_cMONOGRAFIA
999 _c193258
_d193258